Normal view
MARC view
- Foster children
Entry Topical Term
001 - CONTROL NUMBER
- control field: 91644
003 - CONTROL NUMBER IDENTIFIER
- control field: NUST
005 - DATE AND TIME OF LATEST TRANSACTION
- control field: 20220518111944.0
008 - FIXED-LENGTH DATA ELEMENTS
- fixed length control field: 220518|| aca||aabn | a|a d
040 ## - CATALOGING SOURCE
- Original cataloging agency: NUST
- Transcribing agency: NUST
150 ## - HEADING--TOPICAL TERM
- Topical term or geographic name entry element: Foster children
- Topical term or geographic name entry element: Foster home care
- Topical term or geographic name entry element: Foster mothers
670 ## - SOURCE DATA FOUND
- Source citation: Work cat.: (NUST): 7803 Harrison, Kathy., One small boat : , 2006
